00466nam a22001577a 450000500170000001000150001702000270003203500140005903700130007308200120008610000270009824500730012526000320019827000580023030000200028820231023143732.0 aENG-138286 c1595.00a9788190995009 aEN-121818 bDBAD/PUB a704.948 aClaudine Bautze-Picron aThe bejewelled Buddha from india to burma/ cClaudine Bautze-Picron aDelhibSanctum books c2010 bDelhia68 Medical Association Road Darya ganje110002 a326p.c25cm(hb)